| 000 | 00500nam a2200205Ia 4500 | ||
|---|---|---|---|
| 003 | 0100 | ||
| 008 | 130307s9999 xx 000 0 und d | ||
| 020 | _a0809128578 | ||
| 040 | _cARRUPELIB | ||
| 050 | _aBV4012.2V378 1986 | ||
| 100 | _aVaughan , Richard P | ||
| 245 | _aBasic skills for christian counselors | ||
| 245 | _ban introduction for pastoral ministers | ||
| 260 | _aNew York | ||
| 260 | _bPaulist Press | ||
| 260 | _c1987 | ||
| 300 | _aiii | ||
| 300 | _b182p. 22cm. | ||
| 942 | 0 | 0 | _01 |
| 999 |
_c97478 _d97478 |
||